Chữa bệnh trẻ em bằng đông y

محفوظ في:
التفاصيل البيبلوغرافية
المؤلف الرئيسي: Hoàng Văn Vinh
التنسيق: كتاب
اللغة:Undetermined
منشور في: Hà Nội Nxb. Hà Nội 1999
الموضوعات:
الوسوم: إضافة وسم
لا توجد وسوم, كن أول من يضع وسما على هذه التسجيلة!
Thư viện lưu trữ: Trung tâm Học liệu Trường Đại học Cần Thơ
LEADER 00546nam a2200169Ia 4500
001 CTU_37245
008 210402s9999 xx 000 0 und d
082 |a 615.882 
082 |b V312 
100 |a Hoàng Văn Vinh 
245 0 |a Chữa bệnh trẻ em bằng đông y 
245 0 |c Hoàng Văn Vinh 
260 |a Hà Nội 
260 |b Nxb. Hà Nội 
260 |c 1999 
650 |a folk medicine - formulae, receipts, prescriptions,folk medicine - vietnam,pediatrics 
980 |a Trung tâm Học liệu Trường Đại học Cần Thơ